Groupes de metal par traduction française - Statistiques

Statistiques générales
  • Ce quiz a été pris 1 456 fois
  • Le résultat moyen est 17 sur 31
Statistiques - réponses
Traduction française Nom du groupe % Correct
Je I
97%
Bisou Kiss
93%
Prêtre de Judas Judas Priest
88%
Sabbat noir Black Sabbath
87%
Tête de motëur Motörhead
86%
Vierge de fer Iron Maiden
79%
Violet profond Deep Purple
76%
Corps cannibales Cannibal Corpse
72%
Souhait de nuit Nightwish
72%
Flingues et roses Guns 'n' Roses
71%
Courant Alternatif/Courant Continu AC/DC
69%
Venin Venom
69%
Théâtre du rêve Dream Theater
65%
Reines de l'âge de pierre Queens of the Stone Age
60%
Agneau de dieu Lamb of God
58%
Société du label noir Black Label Society
56%
ŒilDétesteDieu EyeHateGod
54%
Foi pas plus Faith no More
54%
Ongles de neuf pouces Nine Inch Nails
54%
Anges Morbides Morbid Angels
47%
Culte de l'huïtre bleue Blue Öyster Cult
45%
Paradis perdu Paradise Lost
40%
Biscuit mou Limp Bizkit
36%
Gel celtique Celtic Frost
32%
Aux portes At the Gates
31%
Vengé au septuple Avenged Sevenfold
29%
Ma fiancée mourante My Dying Bride
29%
Berceau de la crasse Cradle of Filth
27%
Destin plein de pitié Mercyful Fate
12%
Enseveli Entombed
10%
Ténèbres Burzum
5%
Aucun quiz correspondant
Distribution des résultats
% des personnes avec chaque résultat
Percentile par nombre de réponses
Votre historique - résultats
Vous n’avez pas pris ce quiz